grass carp (ctenopharyngodon idella) nourishment in hapa by using rice bran with grass and rice bran with duck weed (ការថែបំប៉នកូនត្រីកាបស៊ីស្មៅនៅក្នុងហាប៉ាដោយប្រើប្រាស់ ចំណីកន្ទក់ជាមួយស្មៅ និង កន្ទក់ជាមួយចកបាយទា) (Record no. 3978)
[ view plain ]
| 000 -LEADER | |
|---|---|
| fixed length control field | 00756nam a22001577a 4500 |
| 003 - CONTROL NUMBER IDENTIFIER | |
| control field | OSt |
| 005 - DATE AND TIME OF LATEST TRANSACTION | |
| control field | 20151204105138.0 |
| 008 - FIXED-LENGTH DATA ELEMENTS--GENERAL INFORMATION | |
| fixed length control field | 151204b xxu||||| |||| 00| 0 eng d |
| 040 ## - CATALOGING SOURCE | |
| Transcribing agency | RUA |
| 082 ## - DEWEY DECIMAL CLASSIFICATION NUMBER | |
| Classification number | FIS HOY 2004 B176 Or.1 |
| 100 ## - MAIN ENTRY--PERSONAL NAME | |
| 9 (RLIN) | 4263 |
| Personal name | HOY, SOPHAL. |
| 245 ## - TITLE STATEMENT | |
| Title | grass carp (ctenopharyngodon idella) nourishment in hapa by using rice bran with grass and rice bran with duck weed (ការថែបំប៉នកូនត្រីកាបស៊ីស្មៅនៅក្នុងហាប៉ាដោយប្រើប្រាស់ ចំណីកន្ទក់ជាមួយស្មៅ និង កន្ទក់ជាមួយចកបាយទា) |
| 260 ## - PUBLICATION, DISTRIBUTION, ETC. (IMPRINT) | |
| Place of publication, distribution, etc. | Phnom Penh |
| Name of publisher, distributor, etc. | RUA |
| Date of publication, distribution, etc. | 2004 |
| 300 ## - PHYSICAL DESCRIPTION | |
| Extent | 40p. |
| Other physical details | ill. |
| Dimensions | 29cm. |
| 942 ## - ADDED ENTRY ELEMENTS (KOHA) | |
| Source of classification or shelving scheme | |
| Koha item type | FIS |
| Price effective from | Date last seen | Permanent Location | Not for loan | Date acquired | Source of classification or shelving scheme | Koha item type | Lost status | Withdrawn status | Date last checked out | Total Checkouts | Shelving location | Damaged status | Barcode | Current Location | Full call number |
|---|---|---|---|---|---|---|---|---|---|---|---|---|---|---|---|
| 2015-12-04 | 2024-11-29 | Library Block B | 2015-12-04 | FIS | 2024-11-06 | 1 | B176 | RUA026815 | Library Block B | FIS HOY 2004 B176 Or.1 | |||||
| 2015-12-04 | 2015-12-04 | Library Block B | 2015-12-04 | FIS | B176 | RUA026743 | Library Block B | FIS HOY 2004 B176 Or.2 | |||||||
| 2015-12-04 | 2015-12-04 | Library Block B | 2015-12-04 | FIS | B176 | RUA026599 | Library Block B | FIS HOY 2004 B176 Or.3 | |||||||
| 2015-12-04 | 2015-12-04 | Library Block B | 2015-12-04 | FIS | B176 | RUA026527 | Library Block B | FIS HOY 2004 B176 Or.4 | |||||||
| 2015-12-04 | 2015-12-04 | Library Block B | 2015-12-04 | FIS | B176 | RUA026677 | Library Block B | FIS HOY 2004 B176 Or.5 | |||||||
| 2015-12-04 | 2015-12-04 | Library Block B | 2015-12-04 | FIS | B176 | RUA026749 | Library Block B | FIS HOY 2004 B176 Or.6 |